000
00255nam a2200097Ia 4500
001
706185
005
20250826162444.0
008
250824s9999 xx 000 0 und d
245
0
_a
FEDAİLERİN KALESİ ALAMUT
_c
VLADEMİR BARTOL
260
_b
KORİDOR YAYINLARI
999
_c
706185
_d
706185